Lighting. (3rd ed.) (Record no. 80517)

MARC details
000 -LEADER
fixed length control field 00724nam a2200193 a 4500
008 - FIXED-LENGTH DATA ELEMENTS--GENERAL INFORMATION
fixed length control field 060316s1985 ||||||||||||||||| || u
020 ## - INTERNATIONAL STANDARD BOOK NUMBER
International Standard Book Number 0582305292
050 ## - LIBRARY OF CONGRESS CALL NUMBER
Classification number TH 7703 Pri
100 ## - MAIN ENTRY--PERSONAL NAME
Personal name Pritchard, David Christopher
245 10 - TITLE STATEMENT
Title Lighting. (3rd ed.)
250 ## - EDITION STATEMENT
Edition statement 3rd ed.
260 ## - PUBLICATION, DISTRIBUTION, ETC.
Place of publication, distribution, etc. London :
Name of publisher, distributor, etc. Longman
Date of publication, distribution, etc. 1985
300 ## - PHYSICAL DESCRIPTION
Extent 153 p. : ill.
350 ## -
-- 0.00
650 ## - SUBJECT ADDED ENTRY--TOPICAL TERM
Topical term or geographic name entry element ENERGY
650 ## - SUBJECT ADDED ENTRY--TOPICAL TERM
Topical term or geographic name entry element LIGHTING
995 ## -
-- TEXTBOOKS (SBE)
-- 0.00
-- 2696
-- CBU-SCHOOL TEXTBOOK COLLECTIONS
-- 1
-- 0.00
-- SCHOOL TEXTBOOK
-- 2
-- AVAILABLE
-- Nov 19, 2008
-- 2696
-- School Collections
995 ## -
-- MAIN LIBRARY OPEN ACCESS
-- 0.00
-- 016789
-- CBU-MAIN LIBRARY (Kitwe)
-- 1
-- 8.50
-- TH 7703 Pri
-- AVAILABLE
-- 016789
-- Main Library Open Access Collection
999 ## -
-- 80517
-- 80517
Holdings
Withdrawn status Lost status Source of classification or shelving scheme Damaged status Not for loan Permanent Location Current Location Shelving location Date acquired Total Checkouts Full call number Barcode Date last seen Copy number Price effective from Koha item type
          CBU-MAIN LIBRARY, KITWE. CBU-MAIN LIBRARY, KITWE.   06/30/2023   TH 7703 Pri 016789 06/30/2023 2 06/30/2023 MONOGRAPH
          CBU-SCHOOL TEXT BOOK COLLECTION CBU-SCHOOL TEXT BOOK COLLECTION   06/30/2023   SCHOOL TEXTBOOK 2696 06/30/2023 1 06/30/2023 MONOGRAPH